| 000 | 00433nam a2200169Ia 4500 | ||
|---|---|---|---|
| 005 | 20250423100851.0 | ||
| 008 | 250422s9999 xx 000 0 und d | ||
| 020 | _a0- 07- 041457- 2 | ||
| 050 | _aQD 257.M44/ | ||
| 100 | _aHerbert Meislich | ||
| 245 | 0 | _aSchaum's outline of theory and problems of organic chemistry | |
| 260 | _bMCGraw- Hill | ||
| 260 | _c1977 | ||
| 300 | _a480 p | ||
| 650 | _aChemistry organic | ||
| 942 | _cBK | ||
| 999 |
_c34580 _d34580 |
||